000 00592aas a2200181 4500
999 _c57684
_d57684
001 768714001
003 CO-MdFUSB
005 20170829105604.0
008 170829s2005 xxu||||| |||| 00| 0 eng d
022 _a0120-3649
040 _aCO-MdFUSB
_bspa
_cCO-MdFUSB
_dCO-MdFUSB
041 _aeng
245 1 0 _aA good look :
_bhi-tech peek at the "Priestly Blessing" amulets
300 _aVolumen 31. Número 1 (2005), página 12
_c: 28 cm.
546 _aTexto en inglés
773 0 _tBiblical Archaeology Review
_049395
_959453
_gVolumen 31. Número 1 (2005), página 12
_qPágina 12
942 _cANA